00538nam a2200205Ia 4500003000900000005001700009008004100026040001300067040001300080041000800093100002400101245011600125250001200241260001300253260000900266300001100275300001000286490000600296600003000302IT-RoPAU20220918175858.0120407s9999 xx 000 0 und d aIT-RoPAU cIT-RoPAU aita aAlessandro Pronzato a“... Ma io vi dico”. Spunti di meditazione per religiose secondo gli orientamenti del Vaticano II. 3. rist. aTorino  aGribaudi c1967 a432 p. c19 cm v1 a1. Meditazioni per Suore